000 00419nam a2200169Ia 4500
005 20240823054707.0
008 240823s9999||||xx |||||||||||||| ||und||
041 _aENGLISH
082 _A519.2 P8
100 _aBalaji G
245 0 _aProbability & Queuing Theory Q & A (Anna University)
250 _a1st
260 _c2008
_bBalaji Publica
500 _aYES
650 _aMathematics
_bMathematics
942 _cBK
999 _c227054
_d227054